00911nam a22002177a 4500003000900000008004100009020001800050040007100068082001800139100003400157245008800191260008600279300004400365440003800409505017700447650001500624650001500639650001800654650001100672650001000683AR-CdUCM190516b ||||| |||| 00| 0 spa d a84-8387-047-9 aMUNICIPALIDAD PROVINCIAL DEL CUSCOcBIBLIOTECA MUNICIPAL DEL CUSCO a291.62 /bF38 aFernández Juárez, Gerardo aEntre la repugnancia y la seducción :bofrendas complejas en los Andes del sur /  aCusco :bCentro de Estudios Regionales Andinos "Bartolomé de las Casas",c1997. a250 páginas ;bIlustraciones,c25 cm. aArchivos de historia andina ;n24 aContenido: Antecedentes: Inmundicias, mejunjes y bellaquerías -- Ofrendas complejas en los andes del sur -- El altiplano aymara: Comensales, ingredientes, anfitriones ... aBrujería aChamanismo aMagia peruana aPerú aAndes